راوی افسانے / (Record no. 107760)

MARC details
000 -LEADER
fixed length control field 00780nam a22002537a 4500
005 - DATE AND TIME OF LATEST TRANSACTION
control field 20170123162331.0
010 ## - LIBRARY OF CONGRESS CONTROL NUMBER
LC control number A-420132
020 ## - INTERNATIONAL STANDARD BOOK NUMBER
Terms of availability 80.00
035 ## - SYSTEM CONTROL NUMBER
System control number A-420132
037 ## - SOURCE OF ACQUISITION
Source of stock number/acquisition Cen Lib/Ret
040 ## - CATALOGING SOURCE
Original cataloging agency DPL
Language of cataloging UR
082 ## - DEWEY DECIMAL CLASSIFICATION NUMBER
Classification number ک
Item number ل و د
100 ## - MAIN ENTRY--PERSONAL NAME
Personal name لودھی، قصر صابر
9 (RLIN) 121308
245 ## - TITLE STATEMENT
Title راوی افسانے /
Statement of responsibility, etc قیصر صابر لودھی
246 ## - VARYING FORM OF TITLE
Title proper/short title Rawi afsane /
Remainder of title by Qisar Sabir Lodhi
260 ## - PUBLICATION, DISTRIBUTION, ETC. (IMPRINT)
Place of publication, distribution, etc لاہور
Name of publisher, distributor, etc یونیورسل بکس
Date of publication, distribution, etc 1989
270 ## - ADDRESS
City لاہور
Address ٤٠-اے اردو بازار
300 ## - PHYSICAL DESCRIPTION
Extent 247p.
Dimensions 20cm(Hb)
650 ## - SUBJECT ADDED ENTRY--TOPICAL TERM
Topical term or geographic name as entry element اردو ادب
9 (RLIN) 121309
650 ## - SUBJECT ADDED ENTRY--TOPICAL TERM
Topical term or geographic name as entry element اردو افسانے
9 (RLIN) 121310
650 ## - SUBJECT ADDED ENTRY--TOPICAL TERM
Topical term or geographic name as entry element Urdu literature
9 (RLIN) 121311
650 ## - SUBJECT ADDED ENTRY--TOPICAL TERM
Topical term or geographic name as entry element Urdu stories
9 (RLIN) 121312
942 ## - ADDED ENTRY ELEMENTS (KOHA)
Source of classification or shelving scheme Dewey Decimal Classification
Koha item type Urdu Bks
Classification part ک
Call number suffix ل و د
Holdings
Withdrawn status Lost status Damaged status Not for loan Home library Current library Date acquired Source of acquisition Cost, normal purchase price Total Checkouts Full call number Barcode Date last seen Date checked out Copy number Cost, replacement price Price effective from Koha item type
        Central Library Central Library 11/01/2016 Cen Lib/Ret 80.00 1 ک ل و د A-420132 27/05/2017 04/05/2017 1 80.00 11/01/2016 Urdu Bks

© Delhi Public Library
Hit Counter
free hit counter